000 01006nam a2200313 i 4500
003 EG-GICUC
005 20260227195824.0
008 260227s2001 be ||||fr|||| 00| 0 fre d
017 _a2001/0023/12
020 _a2802713663
040 _aEG-GiCUC
_bfre
_cEG-GiCUC
_dEG-GiCUC
_eRda
041 _afre
082 0 4 _221
_a341.3
_bLI . E
092 0 4 _221
099 _aLaw1 11 341.3 LI . E 2001
100 1 _aLigneul,Nicolas
_eAuteur
245 _aL’Élaboration Du Droit International De La Concurrence Entre Les Entreprises /
_cNicolas Ligneul .
264 1 _aBruxelles :
_bÉditions Bruylant ,
_c2001 .
300 _a382 page ;
_c24 cm.
336 _2rda contenu
_a texte
337 _2rda medias
_aOrdinateur
338 _2 transporteur rda
_a Ressource en ligne
546 _aTexte en français
650 _aDroit International Public
650 _aRelations Internationales
856 4 0 _uhttps://fll.law.cu.edu.eg/fulltext/bks/B11-07011.pdf
905 _a59
942 _2ddc
_n0
_cBK
_e21
999 _c64309
_d64309